Alternativas para la minimización de la contaminación y elaboración de un plan de gestión ambiental para la Facultad de Odontología de la Universidad de Costa Rica
محفوظ في:
| المؤلف الرئيسي: | |
|---|---|
| التنسيق: | كتاب |
| منشور في: |
San José, C.R.
2004
|
| الموضوعات: | |
| الوسوم: |
إضافة وسم
لا توجد وسوم, كن أول من يضع وسما على هذه التسجيلة!
|
MARC
| LEADER | 00000nam a2200000Ia 4500 | ||
|---|---|---|---|
| 003 | 009506 | ||
| 005 | 20221231144131.0 | ||
| 008 | 140114s2004 cr a 000 ||s d | ||
| 040 | |c cru CEDI | ||
| 090 | |a TFG 5046 | ||
| 100 | |a Araya Alfaro, Alejandra |9 6058 | ||
| 245 | |a Alternativas para la minimización de la contaminación y elaboración de un plan de gestión ambiental para la Facultad de Odontología de la Universidad de Costa Rica | ||
| 260 | |c 2004 |a San José, C.R. | ||
| 300 | |a x, 91 hojas : ilustraciones a color | ||
| 500 | |a Proyecto de graduación (licenciatura en ingeniería química)--Universidad de Costa Rica. Facultad de Ingeniería. Escuela de Ingeniería Química | ||
| 650 | |x GESTION AMBIENTAL |x RESIDUOS |x CONVERSION DE RESIDUOS |9 6059 | ||
| 942 | |c TFG | ||
| 999 | |c 17377 |d 17377 | ||
